000 00987cam a2200301 a 4500
001 14241950
003 ARRUPE
005 20150113112610.0
008 051118s2005 ie f d 001 0 eng d
010 _a 2006365459
020 _a1843510731 (pbk.)
035 _a(OCoLC)ocm62300217
040 _aIEKBA
_cIEKBA
_dDLC
042 _alccopycat
050 0 0 _aPE1680
_b.O36 2005
082 0 0 _a428.1
_222
100 1 _aO'Donnell, Jim.
_913742
245 1 0 _aWordgloss :
_ba cultural lexicon /
_cJim O'Donnell.
260 _aDublin :
_bLilliput Press,
_c2005.
300 _axiii, 322 p. ;
_c24 cm.
500 _aIncludes index.
650 0 _aEnglish language
_vGlossaries, vocabularies, etc.
_913743
650 0 _aPolitical science
_vDictionaries.
_913744
651 0 _aIreland.
_913745
906 _a7
_bcbc
_ccopycat
_d2
_encip
_f20
_gy-gencatlg
942 _2lcc
_cMONOGRAPH
999 _c121596
_d121596